000 00906nam a22002295i 4500
001 160785
003 ES-MaACL
005 20250801180749.0
008 000209s1856 fr |||| | fre d
040 _aCCPB | B
_bspa
_cCCPB | B
080 _a821.133.1-34"12"(082.2)
245 0 0 _aNouvelles françoises en prose du XIIIe. siecle
_b: publiées d'apres les manuscrits /
_cavec une introduction et des notes par L. Moland et C. d'Hericault.
260 _aParis :
_bP. Jannet,
_c1856 (
_fImprimé par Guiraudet et Jouaust)
300 _aLVI, 311 p. ;
_c17 cm.
490 1 _aBibliothèque elzevirienne ;
_v58
650 4 _aCuentos franceses-
_yHasta S.XV.
_9154457
700 0 _aMoland, Louis.
_981839
700 1 _aHéricault, Charles de Ricault d',
_d1823-1899
_9154452
830 0 _aBibliothèque elzevirienne ;
_v58
_9180979
852 _aES-MaACL
_jG-2378
_z-- Enc. tela
999 _c160785
_d160785